000 00382nam a2200133Ia 4500
999 _c10603
_d10603
003 OSt
005 20220408193009.0
008 220318s9999 xx 000 0 und d
020 _a9780415512282
082 _a721.0941
100 _a Punter, John; Carmona, Matthew
245 4 _aThe design dimension of planning : theory, content, and best practice for design policies
942 _2ddc